000 00576nam a22001817a 4500
005 20251108171849.0
008 250721s1987 xx 000 0 ara d
082 1 4 _aط/599.74
100 1 _aنابلسي، هالة
_eمترجم
245 1 0 _aدليلك إلى الكلاب /
264 1 _aبيروت :
_bدار المسيرة للصحافة و الطباعة و النشر،
_c1987.
300 _a22ص : مص
490 0 _aالمستكشف الصغير
650 1 7 _aالكلاب
653 _aناشئون صغار (10-14 سنة)
942 _2ddc
_cBK
999 _c64577
_d64577